Acerca del conocimiento científico y otros dogmas
Gorde:
| Egile nagusia: | |
|---|---|
| Formatua: | Liburua |
| Hizkuntza: | gaztelania |
| Argitaratua: |
Barcelona
Paidós Ibérica
2001
|
| Saila: | Pensamiento Contemporáneo, 65
|
| Gaiak: | |
| Etiketak: |
Etiketa erantsi
Etiketarik gabe, Izan zaitez lehena erregistro honi etiketa jartzen!
|
MARC
| LEADER | 00000nam a2200000 a 4500 | ||
|---|---|---|---|
| 001 | UCL3203 | ||
| 003 | CL-VaPUC | ||
| 008 | 031114e20010000SP |||||||||||||||||spa|d | ||
| 020 | |a 8449311292 | ||
| 082 | 0 | 4 | |a 501 |b QUI |2 21 |
| 100 | 0 | |a Quine, Willard van Orman |e author |9 480453 | |
| 245 | 1 | 0 | |a Acerca del conocimiento científico y otros dogmas |
| 300 | |a 142 p | ||
| 942 | |c BK | ||
| 945 | |d 20031114 00:00:00 |a cmena | ||
| 260 | |a Barcelona |b Paidós Ibérica |c 2001 | ||
| 650 | 0 | |a Filosofía de las ciencias |9 256466 | |
| 650 | 0 | |a Lógica |9 256849 | |
| 650 | 0 | |a Empirismo |9 255037 | |
| 650 | 0 | |a Filosofía del lenguaje |9 257082 | |
| 583 | |a last modification |c 20031114 00:00:00 |k Rodrigo Vera | ||
| 490 | 0 | |a Pensamiento Contemporáneo, 65 | |
| 999 | |c 306319 |d 306317 | ||
| 952 | |0 0 |1 0 |4 0 |6 501_000000000000000_QUI_2001 |7 0 |8 A |9 371251 |a BIBEDU |b BIBEDU |d 2019-11-21 |i 3959821 |o 501 QUI 2001 |p 3959821 |r 2019-11-21 |w 2019-11-21 |y BK |k FIL | ||
| 952 | |0 0 |1 0 |4 0 |6 501_000000000000000_QUI_2001 |7 0 |8 A |9 371252 |a BIBEDU |b BIBEDU |d 2019-11-21 |i 4032829 |o 501 QUI 2001 |p 4032829 |r 2019-11-21 |w 2019-11-21 |y BK |k FIL | ||